00214nam a22000977a 4500999001900000020001800019100001800037245002300055260003100078942000700109 c261819d261818 a9780531252369 aAlicia Padron aBrush, Brush,Brush aNew YorkbScholasticc2010 cBK